| 000 | 01087cam a22003614a 4500 | ||
|---|---|---|---|
| 001 | 7362033 | ||
| 003 | OSt | ||
| 005 | 20240312162537.0 | ||
| 008 | 080102s2009 cauab 001 0 eng | ||
| 010 | _a 2007052356 | ||
| 020 | _a9780321489845 | ||
| 020 | _a0321489845 | ||
| 020 | _a0321526503 (pbk.) | ||
| 020 | _a9780321526502 (pbk.) | ||
| 029 | 1 |
_aNZ1 _b12463313 |
|
| 029 | 1 |
_aAU@ _b000042538902 |
|
| 035 | _a(OCoLC)ocn187300308 | ||
| 035 | _a(NNC)7362033 | ||
| 035 |
_a(OCoLC)187300308 _z(OCoLC)236049884 |
||
| 040 |
_aDLC _cDLC _dYDX _dYDXCP _dBAKER _dBTCTA _dVP@ _dSINIE |
||
| 050 | 0 | 0 |
_aQH308.2 _b.B56448 2009 |
| 082 | 0 | 0 |
_a570 _222 |
| 245 | 0 | 0 |
_aBiology : _bconcepts & connections / _cNeil A. Campbell ... [et al.]. |
| 250 | _a6th ed. | ||
| 260 |
_aSan Francisco : _bPearson/Benjamin Cummings, _cc2009. |
||
| 300 |
_axxxvii, 781, [100] p. : _bill. (chiefly col.), col. maps ; _c29 cm. |
||
| 500 | _aIncludes index. | ||
| 504 | _aIncludes index. | ||
| 650 | 0 |
_aBiology _vTextbooks. |
|
| 700 | 1 |
_aCampbell, Neil A., _d1946-2004. |
|
| 942 |
_2lcc _cBK |
||
| 999 |
_c251108 _d251108 |
||